[Event "OP-2011-0-01680"]
[Site "LSS email"]
[Date "2011.07.26"]
[Round "?"]
[White "Bieszk, Stanislaw"]
[Black "Balaram, Mohanakrishnan"]
[Result "0-1"]
[WhiteElo "814"]
[BlackElo "975"]
[PlyCount "62"]
[EventDate "2011.07.22"]
[EventType "tourn (corr)"]
[EventRounds "4"]
[EventCountry "GER"]
[SourceTitle "Telechess CBM 151"]
[Source "ChessBase"]
[SourceDate "2012.11.13"]
[SourceVersion "1"]
[SourceVersionDate "2012.11.13"]
[SourceQuality "1"]

1. a3 d5 2. Nf3 c5 3. g3 Nc6 4. d4 cxd4 5. Nxd4 e5 6. Nxc6 bxc6 7. Bg2 Ba6 8. Nd2 Nf6 9. c4 Qb6 10. Qa4 Bc5 11. 0-0 0-0 12. b4 Bd4 13. c5 Qb7 14. Ra2 Bxe2 15. Re1 Bb5 16. Qc2 Ng4 17. a4 Bxf2+ 18. Kh1 Bxe1 19. axb5 Qxb5 20. h3 Nf2+ 21. Kh2 e4 22. Bb2 Nd3 23. Bxg7 Bxg3+ 24. Kxg3 Qb8+ 25. Kh4 Qf4+ 26. Kh5 Qf5+ 27. Kh4 Qf2+ 28. Kg4 f5+ 29. Kg5 Qg3+ 30. Kh5 Nf4+ 31. Kh6 Qg6# 0-1

[Event "OP-2011-0-01663"]
[Site "LSS email"]
[Date "2011.07.17"]
[Round "?"]
[White "Balaram, Mohanakrishnan"]
[Black "Vontina, Maria"]
[Result "1-0"]
[WhiteElo "953"]
[BlackElo "738"]
[PlyCount "45"]
[EventDate "2011.07.14"]
[EventType "tourn (corr)"]
[EventRounds "4"]
[EventCountry "GER"]
[SourceTitle "Telechess CBM 151"]
[Source "ChessBase"]
[SourceDate "2012.11.13"]
[SourceVersion "1"]
[SourceVersionDate "2012.11.13"]
[SourceQuality "1"]

1. e4 c5 2. Nf3 d6 3. d4 cxd4 4. Nxd4 Nf6 5. Nc3 g6 6. Be2 Bg7 7. 0-0 0-0 8. Be3 a6 9. a4 Nc6 10. f4 Bd7 11. f5 Rc8 12. fxg6 hxg6 13. Qd2 Ne5 14. h3 Nc4 15. Bxc4 Rxc4 16. b3 Rc8 17. Rad1 Qc7 18. Nd5 Nxd5 19. exd5 Qc3 20. Qe2 Qb4 21. Rf4 Rc3 22. Nc6 bxc6 23. Rxb4 1-0

[Event "OP-2011-0-01663"]
[Site "LSS email"]
[Date "2011.07.17"]
[Round "?"]
[White "Mori, Roberto"]
[Black "Balaram, Mohanakrishnan"]
[Result "0-1"]
[WhiteElo "512"]
[BlackElo "953"]
[PlyCount "60"]
[EventDate "2011.07.14"]
[EventType "tourn (corr)"]
[EventRounds "4"]
[EventCountry "GER"]
[SourceTitle "Telechess CBM 151"]
[Source "ChessBase"]
[SourceDate "2012.11.13"]
[SourceVersion "1"]
[SourceVersionDate "2012.11.13"]
[SourceQuality "1"]

1. e4 c5 2. Nf3 d6 3. d4 cxd4 4. Qxd4 Nc6 5. Qd5 Nf6 6. Qb3 Nxe4 7. Nbd2 Nxd2 8. Bxd2 Rb8 9. Bb5 Qc7 10. h3 Be6 11. Qa4 Bd7 12. 0-0 a6 13. Bxc6 Bxc6 14. Qc4 e5 15. Ng5 h6 16. Nf3 Be7 17. Qc3 0-0 18. Nh2 f5 19. Qg3 f4 20. Qg4 Bd7 21. Qf3 Qxc2 22. Bc3 Qg6 23. Kh1 Bc6 24. Qg4 Qxg4 25. Nxg4 h5 26. Rae1 hxg4 27. hxg4 f3 28. g3 Bb5 29. Rg1 Kf7 30. Re4 Rh8# 0-1

[Event "OP-2010-0-01135"]
[Site "LSS email"]
[Date "2010.04.13"]
[Round "?"]
[White "Balaram, Mohanakrishnan"]
[Black "Vasquez, Gerardo"]
[Result "0-1"]
[WhiteElo "931"]
[BlackElo "1183"]
[PlyCount "70"]
[EventDate "2010.04.07"]
[EventType "tourn (corr)"]
[EventRounds "4"]
[EventCountry "GER"]
[SourceTitle "Telechess CBM 141"]
[Source "ChessBase"]
[SourceDate "2011.03.17"]
[SourceVersion "1"]
[SourceVersionDate "2011.03.17"]
[SourceQuality "1"]

1. d4 f6 2. e4 e6 3. c4 c6 4. Nc3 Bb4 5. Qc2 Ne7 6. Bd3 c5 7. a3 Bxc3+ 8. bxc3 Nbc6 9. Ne2 b6 10. 0-0 Ba6 11. Bf4 Na5 12. Qa4 Qc8 13. d5 e5 14. Be3 0-0 15. f4 d6 16. f5 Qe8 17. Qxe8 Rfxe8 18. g4 Bxc4 19. Bxc4 Nxc4 20. Kf2 b5 21. h4 Kf7 22. g5 Rab8 23. Rfb1 Rb6 24. Bc1 Reb8 25. Ng3 Ra6 26. a4 b4 27. cxb4 Rxb4 28. Rxb4 cxb4 29. Be3 b3 30. Rb1 b2 31. Ne2 Rxa4 32. Nc3 Ra3 33. Nd1 a5 34. Ba7 Rb3 35. Ke2 a4 0-1

[Event "OP-2010-0-01120"]
[Site "LSS email"]
[Date "2010.03.25"]
[Round "?"]
[White "Molano Lafuente, Ismael"]
[Black "Balaram, Mohanakrishnan"]
[Result "1-0"]
[WhiteElo "1352"]
[BlackElo "945"]
[PlyCount "63"]
[EventDate "2010.03.18"]
[EventType "tourn (corr)"]
[EventRounds "4"]
[EventCountry "GER"]
[SourceTitle "Corr 2013"]
[Source "ChessBase"]
[SourceDate "2012.11.12"]
[SourceVersion "1"]
[SourceVersionDate "2012.11.12"]
[SourceQuality "1"]

1. f4 d5 2. Nf3 c5 3. e3 Nc6 4. b3 Nf6 5. Bb2 Bg4 6. Bd3 e6 7. 0-0 Bd6 8. h3 Bxf3 9. Qxf3 0-0 10. Bxf6 Qxf6 11. Nc3 a6 12. a3 d4 13. Bxh7+ Kxh7 14. Ne4 Qg6 15. Nxd6 Qxc2 16. Nxb7 Ne7 17. Qh5+ Kg8 18. Qxc5 Qxc5 19. Nxc5 dxe3 20. dxe3 Rfc8 21. Rac1 Nd5 22. e4 Nf6 23. g4 a5 24. g5 Nh5 25. Kg2 g6 26. Kf3 Rd8 27. Rfd1 Kf8 28. Nd7+ Ke8 29. Ne5 Rxd1 30. Rxd1 Rb8 31. Rd3 Rb7 32. Nc6 1-0

[Event "LSS No Engine Cup Gr07 prel 06 email"]
[Site "LSS email"]
[Date "2009.09.24"]
[Round "?"]
[White "Balaram, Mohanakrishnan"]
[Black "Bidgood, Lee"]
[Result "0-1"]
[WhiteElo "896"]
[BlackElo "1255"]
[PlyCount "48"]
[EventDate "2009.09.25"]
[EventType "tourn (corr)"]
[EventRounds "6"]
[EventCountry "GER"]
[SourceTitle "Telechess CBM 137"]
[Source "ChessBase"]
[SourceDate "2010.07.15"]
[SourceVersion "1"]
[SourceVersionDate "2010.07.15"]
[SourceQuality "1"]

1. e4 c5 2. Nc3 d6 3. Bb5+ Nc6 4. d3 e5 5. Nf3 Nf6 6. Bg5 h6 7. Bh4 Bg4 8. Nd5 g5 9. Bg3 a6 10. Bxc6+ bxc6 11. Ne3 h5 12. h4 d5 13. Nxg4 hxg4 14. Nxg5 Bh6 15. f4 gxf3 16. Qxf3 Bxg5 17. Bxe5 Qe7 18. Bxf6 Bxf6 19. 0-0-0 Rb8 20. c3 d4 21. c4 Bxh4 22. Qf4 Bg5 23. Rxh8+ Kd7 24. Rxb8 Bxf4+ 0-1

[Event "LSS No Engine Cup Gr07 prel 06 email"]
[Site "LSS email"]
[Date "2009.09.24"]
[Round "?"]
[White "Rusin, Evgenij"]
[Black "Balaram, Mohanakrishnan"]
[Result "1-0"]
[WhiteElo "1850"]
[BlackElo "917"]
[PlyCount "47"]
[EventDate "2009.09.25"]
[EventType "tourn (corr)"]
[EventRounds "6"]
[EventCountry "GER"]
[SourceTitle "Telechess CBM 137"]
[Source "ChessBase"]
[SourceDate "2010.07.15"]
[SourceVersion "1"]
[SourceVersionDate "2010.07.15"]
[SourceQuality "1"]

1. e4 e5 2. Nf3 Nc6 3. Nc3 Bc5 4. Nxe5 Bxf2+ 5. Kxf2 Nxe5 6. d4 Ng6 7. Bc4 d6 8. Rf1 Be6 9. Bxe6 fxe6 10. Kg1 Nf6 11. Bg5 0-0 12. Qd3 e5 13. Nd5 c6 14. Nxf6+ gxf6 15. Bh6 Rf7 16. c3 Qb6 17. Rf2 Kh8 18. Raf1 d5 19. Rxf6 Rxf6 20. Rxf6 Qxb2 21. Rf2 Qa1+ 22. Rf1 Qxa2 23. Qf3 dxe4 24. Qf6+ 1-0

[Event "LSS RF-2009-0-00037"]
[Site "LSS email"]
[Date "2009.09.22"]
[Round "?"]
[White "Babos, Istvan"]
[Black "Balaram, Mohanakrishnan"]
[Result "1-0"]
[WhiteElo "1132"]
[BlackElo "896"]
[PlyCount "57"]
[EventDate "2009.05.25"]
[EventType "tourn (corr)"]
[EventRounds "6"]
[EventCountry "GER"]
[SourceTitle "Telechess CBM 137"]
[Source "ChessBase"]
[SourceDate "2010.07.15"]
[SourceVersion "1"]
[SourceVersionDate "2010.07.15"]
[SourceQuality "1"]

1. d4 e6 2. Nf3 d5 3. Bf4 Bb4+ 4. Nbd2 Nf6 5. e3 Nbd7 6. Bd3 c5 7. c3 Ba5 8. Qa4 c4 9. Bc2 0-0 10. 0-0 Nh5 11. Bd6 Re8 12. g4 Nhf6 13. g5 Nh5 14. Rfe1 Bc7 15. Bxc7 Qxc7 16. b3 e5 17. Nxe5 Rd8 18. Nef3 Nb6 19. Qa3 Bg4 20. Ne5 Be6 21. bxc4 dxc4 22. Kh1 f6 23. gxf6 gxf6 24. Rg1+ Kh8 25. Ng4 Bxg4 26. Rxg4 Qc6+ 27. f3 Rg8 28. Qe7 Rxg4 29. Qxh7# 1-0

[Event "LSS OP-2009-0-00812"]
[Site "LSS email"]
[Date "2009.04.14"]
[Round "?"]
[White "Trevis, Robert R"]
[Black "Balaram, Mohanakrishnan"]
[Result "1-0"]
[WhiteElo "972"]
[BlackElo "894"]
[PlyCount "59"]
[EventDate "2009.04.10"]
[EventType "tourn (corr)"]
[EventRounds "4"]
[EventCountry "GER"]
[SourceTitle "Corr 2011"]
[Source "ChessBase"]
[SourceDate "2010.08.31"]
[SourceVersion "1"]
[SourceVersionDate "2010.08.31"]
[SourceQuality "1"]

1. e4 c5 2. Nf3 d5 3. exd5 Qxd5 4. d4 Bg4 5. Nc3 Qd8 6. dxc5 Qxd1+ 7. Kxd1 e5 8. Be3 f5 9. Bc4 f4 10. Bd2 Bxc5 11. Re1 Nc6 12. Ne4 Bb6 13. h3 Bxf3+ 14. gxf3 0-0-0 15. Be6+ Kb8 16. Rg1 g6 17. Kc1 Nd4 18. Bc4 Nxf3 19. Rd1 Ne7 20. Bb4 Nf5 21. Bd5 N5d4 22. Bc4 a5 23. Be7 Rd7 24. Bd6+ Ka7 25. Rb1 Rc8 26. b3 h6 27. c3 Rxc4 28. bxc4 Ne2+ 29. Kc2 Bd8 30. Bc5+ 1-0

[Event "LSS OP-2009-0-00812"]
[Site "LSS email"]
[Date "2009.04.14"]
[Round "?"]
[White "Van de Peut, Aart A"]
[Black "Balaram, Mohanakrishnan"]
[Result "1-0"]
[WhiteElo "1713"]
[BlackElo "894"]
[PlyCount "61"]
[EventDate "2009.04.10"]
[EventType "tourn (corr)"]
[EventRounds "4"]
[EventCountry "GER"]
[SourceTitle "Corr 2011"]
[Source "ChessBase"]
[SourceDate "2010.08.31"]
[SourceVersion "1"]
[SourceVersionDate "2010.08.31"]
[SourceQuality "1"]

1. Nf3 d5 2. c4 c6 3. Qc2 Nf6 4. g3 g6 5. Bg2 Bg7 6. 0-0 0-0 7. b3 Bf5 8. d3 d4 9. Bb2 c5 10. Nh4 Bc8 11. Nd2 Nc6 12. Rae1 Qc7 13. e3 Rb8 14. e4 e5 15. h3 Nb4 16. Qb1 b6 17. Bc1 Nh5 18. Ndf3 Bd7 19. a3 Nc6 20. Bd2 a5 21. Qc1 Qc8 22. Kh2 f5 23. exf5 gxf5 24. Bh6 f4 25. Bxg7 Nxg7 26. Nxe5 Nxe5 27. Rxe5 fxg3+ 28. fxg3 Qc7 29. Bd5+ Kh8 30. Ng6+ hxg6 31. Qh6# 1-0

[Event "LSS RN-2009-0-00177"]
[Site "LSS email"]
[Date "2009.02.05"]
[Round "?"]
[White "Balaram, Mohanakrishnan"]
[Black "Rodrigues, Eduardo Hercos"]
[Result "1-0"]
[WhiteElo "869"]
[BlackElo "777"]
[PlyCount "107"]
[EventDate "2009.01.13"]
[EventType "tourn (corr)"]
[EventRounds "6"]
[EventCountry "GER"]
[SourceTitle "Corr 2011"]
[Source "ChessBase"]
[SourceDate "2010.08.31"]
[SourceVersion "1"]
[SourceVersionDate "2010.08.31"]
[SourceQuality "1"]

1. e4 c5 2. Nc3 Nc6 3. f4 g6 4. Nf3 Bg7 5. Bc4 e6 6. e5 d5 7. Bb5 Nge7 8. 0-0 0-0 9. d3 a6 10. Bxc6 Nxc6 11. Ne2 b5 12. c3 d4 13. cxd4 cxd4 14. Ng3 Bb7 15. Ne4 Rc8 16. Nd6 Rb8 17. Ng5 Na7 18. Nge4 Bxe4 19. dxe4 Nc8 20. Qxd4 Nxd6 21. Qxd6 Qb6+ 22. Qxb6 Rxb6 23. Be3 Rc6 24. Rfc1 Rfc8 25. Rxc6 Rxc6 26. Rc1 Rxc1+ 27. Bxc1 Bf8 28. Be3 Bb4 29. a3 Ba5 30. b4 Bc7 31. Bc5 Kg7 32. Bd6 Bb6+ 33. Kf1 f6 34. g4 fxe5 35. Bxe5+ Kf7 36. Ke2 Bg1 37. h4 Ke7 38. h5 Bb6 39. hxg6 hxg6 40. Kd3 Kd7 41. Bd4 Bc7 42. e5 Ke7 43. Bc5+ Kf7 44. Ke4 Bd8 45. g5 Bc7 46. Kd4 Ke8 47. Ba7 Kd7 48. Kc5 Bd8 49. Bb8 Kc8 50. Kc6 Kxb8 51. Kd7 Bb6 52. Kxe6 Be3 53. f5 Bxg5 54. fxg6 1-0

[Event "LSS RN-2009-0-00177"]
[Site "LSS email"]
[Date "2009.02.05"]
[Round "?"]
[White "McGuire, Paul"]
[Black "Balaram, Mohanakrishnan"]
[Result "0-1"]
[WhiteElo "598"]
[BlackElo "869"]
[PlyCount "80"]
[EventDate "2009.01.13"]
[EventType "tourn (corr)"]
[EventRounds "6"]
[EventCountry "GER"]
[SourceTitle "Corr 2011"]
[Source "ChessBase"]
[SourceDate "2010.08.31"]
[SourceVersion "1"]
[SourceVersionDate "2010.08.31"]
[SourceQuality "1"]

1. d4 d5 2. e3 Nf6 3. Bd3 c6 4. Nf3 Bg4 5. Nbd2 Nbd7 6. b3 e6 7. 0-0 Bd6 8. Bb2 0-0 9. c4 Re8 10. h3 Bh5 11. c5 Bc7 12. Qc2 Bxf3 13. Nxf3 Nf8 14. Ng5 h6 15. Nf3 Nh5 16. g4 Nf6 17. a4 a5 18. Rac1 g5 19. Ne5 Kg7 20. f4 N6h7 21. fxg5 Nxg5 22. h4 Bxe5 23. dxe5 Nh3+ 24. Kg2 Qxh4 25. Rf3 Ng5 26. Rg3 Ngh7 27. Rh1 Qe7 28. Bxh7 Nxh7 29. Qc1 Ng5 30. Rh5 Rh8 31. Qf1 Rh7 32. Qf4 Rah8 33. Bd4 Kf8 34. Bc3 Qxc5 35. Bd4 Qc2+ 36. Kh1 Qxb3 37. Bc5+ Kg8 38. Qf6 Qd1+ 39. Kh2 Qc2+ 40. Kg1 Qxc5 0-1

[Event "LSS OP-2009-0-00737"]
[Site "LSS email"]
[Date "2009.02.03"]
[Round "?"]
[White "Balaram, Mohanakrishnan"]
[Black "Csaba, Fodor"]
[Result "1/2-1/2"]
[WhiteElo "869"]
[BlackElo "1374"]
[PlyCount "82"]
[EventDate "2009.01.28"]
[EventType "tourn (corr)"]
[EventRounds "4"]
[EventCountry "GER"]
[SourceTitle "Corr 2011"]
[Source "ChessBase"]
[SourceDate "2010.08.31"]
[SourceVersion "1"]
[SourceVersionDate "2010.08.31"]
[SourceQuality "1"]

1. e4 e5 2. Nf3 Nc6 3. Bb5 a6 4. Ba4 Nf6 5. 0-0 Be7 6. Re1 0-0 7. c3 d5 8. exd5 Nxd5 9. Bxc6 bxc6 10. Nxe5 Bb7 11. d4 Bf6 12. Nd2 Bxe5 13. Rxe5 Re8 14. Nf3 Rxe5 15. Nxe5 Qd6 16. c4 Nf6 17. c5 Qd5 18. Be3 Re8 19. Qf3 Qxf3 20. gxf3 Nd5 21. Re1 f6 22. Nc4 Nxe3 23. Rxe3 Rxe3 24. fxe3 Bc8 25. e4 Be6 26. Na5 Bd7 27. Kf2 Kf7 28. b4 Ke6 29. Ke3 Be8 30. f4 f5 31. Nc4 fxe4 32. Kxe4 Bg6+ 33. Ke3 Bb1 34. a4 Kd5 35. Ne5 Bc2 36. a5 Bf5 37. h4 g6 38. Nf7 Kc4 39. Ne5+ Kd5 40. Nf7 Kc4 41. Ne5+ Kd5 1/2-1/2

[Event "LSS OP-2009-0-00737"]
[Site "LSS email"]
[Date "2009.02.03"]
[Round "?"]
[White "Szabo Hanjecz, Judit"]
[Black "Balaram, Mohanakrishnan"]
[Result "1-0"]
[WhiteElo "1211"]
[BlackElo "869"]
[PlyCount "59"]
[EventDate "2009.01.28"]
[EventType "tourn (corr)"]
[EventRounds "4"]
[EventCountry "GER"]
[SourceTitle "Corr 2011"]
[Source "ChessBase"]
[SourceDate "2010.08.31"]
[SourceVersion "1"]
[SourceVersionDate "2010.08.31"]
[SourceQuality "1"]

1. e4 e5 2. Nf3 Nc6 3. Bc4 Bc5 4. c3 a5 5. 0-0 d6 6. d4 exd4 7. cxd4 Bb6 8. Bg5 Nge7 9. d5 Ne5 10. Nxe5 dxe5 11. Nc3 f6 12. Be3 Bxe3 13. fxe3 Ng6 14. Nb5 Bd7 15. Qb3 b6 16. d6 cxd6 17. Nxd6+ Kf8 18. Rfd1 Rb8 19. Nf5 Qe8 20. Qa3+ Ne7 21. Nxe7 Qxe7 22. Rxd7 Qxa3 23. bxa3 b5 24. Rf7+ Ke8 25. Bd5 Rc8 26. Rxg7 b4 27. axb4 axb4 28. Rb1 h5 29. Rxb4 h4 30. Rbb7 1-0

[Event "LSS RN-2008-0-00170"]
[Site "LSS email"]
[Date "2008.12.31"]
[Round "?"]
[White "Balaram, Mohanakrishnan"]
[Black "Aleixandre, Pascal"]
[Result "0-1"]
[WhiteElo "860"]
[BlackElo "906"]
[PlyCount "94"]
[EventDate "2008.12.21"]
[EventType "tourn (corr)"]
[EventRounds "6"]
[EventCountry "GER"]
[SourceTitle "Corr 2011"]
[Source "ChessBase"]
[SourceDate "2010.08.31"]
[SourceVersion "1"]
[SourceVersionDate "2010.08.31"]
[SourceQuality "1"]

1. e4 e5 2. Nc3 Nf6 3. Bc4 Nc6 4. d3 Bb4 5. Bg5 h6 6. Bh4 g5 7. Bg3 d5 8. exd5 Nxd5 9. Nge2 Bg4 10. 0-0 Bxc3 11. Bxd5 Nd4 12. f3 Bxb2 13. Bxb7 Bxa1 14. Bxa8 Qxa8 15. fxg4 Nxe2+ 16. Qxe2 Bd4+ 17. Kh1 Qd5 18. c4 Qe6 19. Re1 f6 20. Qe4 Kf7 21. h3 c6 22. Rb1 Qd7 23. Rb3 Kg7 24. Be1 Qc7 25. Qf5 h5 26. gxh5 Rxh5 27. Ba5 Bb6 28. Bxb6 axb6 29. d4 exd4 30. Qb1 g4 31. Rxb6 Qg3 32. Rb7+ Kh6 33. Qh7+ Kg5 34. Rg7+ Kh4 35. Qe4 Rg5 36. Rh7+ Rh5 37. Kg1 Rxh7 38. Qxh7+ Kg5 39. Qg7+ Kf5 40. Qxg4+ Qxg4 41. hxg4+ Ke4 42. Kf2 Kd3 43. c5 Kc4 44. Ke2 Kxc5 45. Kd3 Kd5 46. a4 c5 47. a5 c4+ 0-1

[Event "LSS RN-2008-0-00170"]
[Site "LSS email"]
[Date "2008.12.31"]
[Round "?"]
[White "Balaram, Mohanakrishnan"]
[Black "Rodrigues, Eduardo Hercos"]
[Result "1-0"]
[WhiteElo "849"]
[BlackElo "936"]
[PlyCount "55"]
[EventDate "2008.12.21"]
[EventType "tourn (corr)"]
[EventRounds "6"]
[EventCountry "GER"]
[SourceTitle "Corr 2011"]
[Source "ChessBase"]
[SourceDate "2010.08.31"]
[SourceVersion "1"]
[SourceVersionDate "2010.08.31"]
[SourceQuality "1"]

1. e4 c5 2. f4 Nc6 3. Nf3 g6 4. Bc4 Bg7 5. c3 e6 6. d4 d5 7. exd5 exd5 8. Bb5 Nf6 9. Ne5 Qb6 10. Bxc6+ bxc6 11. 0-0 cxd4 12. cxd4 Ne4 13. Nc3 Nxc3 14. bxc3 0-0 15. Ba3 Re8 16. Bc5 Qc7 17. Rb1 Bf5 18. Rb2 Bf8 19. g4 Be4 20. Bxf8 Kxf8 21. f5 f6 22. fxg6 hxg6 23. Rxf6+ Kg7 24. Rbf2 Qa5 25. Qc1 c5 26. Qg5 Qxc3 27. Rxg6+ Bxg6 28. Qxg6+ 1-0

[Event "LSS RN-2008-0-00170"]
[Site "LSS email"]
[Date "2008.12.31"]
[Round "?"]
[White "Pehl, Ferenc"]
[Black "Balaram, Mohanakrishnan"]
[Result "1-0"]
[WhiteElo "803"]
[BlackElo "849"]
[PlyCount "81"]
[EventDate "2008.12.21"]
[EventType "tourn (corr)"]
[EventRounds "6"]
[EventCountry "GER"]
[SourceTitle "Corr 2011"]
[Source "ChessBase"]
[SourceDate "2010.08.31"]
[SourceVersion "1"]
[SourceVersionDate "2010.08.31"]
[SourceQuality "1"]

1. e4 c5 2. Nf3 d6 3. Bb5+ Nc6 4. Bxc6+ bxc6 5. h3 e5 6. 0-0 Be6 7. d3 Nf6 8. b3 Be7 9. Nc3 0-0 10. a4 h6 11. Bb2 Nh7 12. Re1 Ng5 13. Nxg5 Bxg5 14. Bc1 f5 15. Bxg5 Qxg5 16. exf5 Bxf5 17. Kf1 Qf4 18. Kg1 Bxh3 19. gxh3 Qxf2+ 20. Kh1 Qg3 21. Qg4 Qf2 22. Qg2 Qd4 23. Ne2 Qb2 24. Ng3 Qd4 25. Rf1 d5 26. Nh5 e4 27. dxe4 dxe4 28. Rad1 Qe5 29. Rg1 Rf7 30. Ng3 e3 31. Rdf1 Rxf1 32. Rxf1 Rd8 33. Re1 Rd2 34. Re2 Qf4 35. Nf1 Rd1 36. Kg1 a5 37. c3 Kh7 38. h4 Rb1 39. h5 Rxb3 40. Rxe3 Rb1 41. Qg6+ 1-0